| 000 | 01333nam a2200337 a 4500 | ||
|---|---|---|---|
| 001 | 000112961 | ||
| 003 | CHAP | ||
| 005 | 20220329144330.0 | ||
| 008 | 170228s2016 mx sm |||||||spa d | ||
| 010 | _a109422 | ||
| 011 | _a110394 | ||
| 040 | _cCHAP | ||
| 090 | _aTesis | ||
| 100 | 1 |
_aPanca Galindo, Jhesus Wilson _9131623 |
|
| 245 | 1 | 0 |
_aEl turismo rural: _h[En línea] _b¿es una alternativa de desarrollo territorial? (caso San Juan Cuauhtemóc Puebla - México y LLachón Capachica Puno-Perú) / _cpor Jhesus Wilson Panca Galindo. |
| 260 |
_aChapingo, Méx. : _bEl autor, _c2016. |
||
| 500 | _aPara ver el contenido del material haga clic en la liga | ||
| 502 | _aTesis (M.C. en Desarrollo Rural Regional) -- UACH. Dirección de Centros Regionales Universitarios | ||
| 590 |
_aE5765TAJ _b05 _c20170228 _lUCH01 _h0923 |
||
| 590 |
_aE5765TAJ _b05 _c20170228 _lUCH01 _h0923 |
||
| 590 |
_aE5765TAJ _b05 _c20170228 _lUCH01 _h1110 |
||
| 650 | 1 | 4 |
_aDesarrollo de la comunidad rural _xPerú. _932020 |
| 650 | 1 | 4 |
_aDesarrollo de la comunidad rural _zMéxico. _932040 |
| 650 | 1 | 4 |
_aTurismo rural _zMéxico. _9131606 |
| 650 | 1 | 4 |
_aTurismo rural _zPerú. _9131607 |
| 650 | 1 | 4 |
_aTurismo sustentable. _9131608 |
| 856 |
_aFinding aid _uhttp://10.13.5.2/tesis/sist112961.pdf _zTeclea aquí |
||
| 901 | _aBK | ||
| 942 | _cTESIS | ||
| 942 | _n0 | ||
| 999 |
_c109422 _d109422 |
||